000 00435nam a2200181Ia 4500
001 15561
005 20260306170205.0
008 260306t1966||||xx |||||||||||||| ||und||
041 _aESP
082 _a547
_bD88
100 _aDominguez,Xorge Alejandro
_eAUT
245 0 _aExperimentos de química orgánica
260 _c1966
300 _a203 páginas :
_c26 cm.
650 _aGEN
654 _aCCN
942 _cLIB
_dJUS
_fJUS
_2ddc
_n
999 _c15561
_d15561